000
00308nam a2200121Ia 4500
005
20260330112750.0
008
260330s9999||||xx |||||||||||||| ||und||
020
_a
9789580476993
041
_a
spa
100
_a
Bourgeois, Paulette
245
0
_a
Franklin Monta En Bicicleta /
_c
Paulette Bourgeois
942
_c
BKL
999
_c
3489
_d
3489